ბათუმის შოთა რუსთაველის სახელმწიფო უნივერსიტეტის ბიბლიოთეკა

Teaching and learning at a distance : (ბიბ.ჩანაწერი № 58251)

000 -LEADER
fixed length control field 01107cam a2200241 i 4500
001 - CONTROL NUMBER
control field 20865206
005 - DATE AND TIME OF LATEST TRANSACTION
control field 20221107165652.0
008 - FIXED-LENGTH DATA ELEMENTS--GENERAL INFORMATION
fixed length control field 190225t20192019ncua b 000 0 eng
020 ## - INTERNATIONAL STANDARD BOOK NUMBER
International Standard Book Number 9781641136266 X
041 ## - LANGUAGE CODE
Language code of text/sound track or separate title eng
080 ## - UNIVERSAL DECIMAL CLASSIFICATION NUMBER
Universal Decimal Classification number 37.018.43 S-61
100 ## - MAIN ENTRY--PERSONAL NAME
Personal name Simonson, Michael R.
9 (RLIN) 12616
245 00 - TITLE STATEMENT
Title Teaching and learning at a distance :
Remainder of title foundations of distance education /
Statement of responsibility, etc. Michael Simonson, Nova Southeastern University, Susan Zvacek, University of Denver, Sharon Smaldino, Northern Illinois University.
250 ## - EDITION STATEMENT
Edition statement Seventh Edition.
264 #1 - PRODUCTION, PUBLICATION, DISTRIBUTION, MANUFACTURE, AND COPYRIGHT NOTICE
Place of production, publication, distribution, manufacture Charlotte, North Carolina :
Name of producer, publisher, distributor, manufacturer Information Age Publishing, Inc.,
Date of production, publication, distribution, manufacture, or copyright notice [2019]
264 #4 - PRODUCTION, PUBLICATION, DISTRIBUTION, MANUFACTURE, AND COPYRIGHT NOTICE
Date of production, publication, distribution, manufacture, or copyright notice © 2019 IAP | Information Age Publishing, Inc.
300 ## - PHYSICAL DESCRIPTION
Extent 342 pages :
Other physical details illustrations ;
Dimensions 26 cm.
653 ## - INDEX TERM--UNCONTROLLED
keyword სწავლება და სწავლა დისტანციურად
653 ## - INDEX TERM--UNCONTROLLED
keyword დისტანციური განათლების საფუძვლები
700 1# - ADDED ENTRY--PERSONAL NAME
Personal name Smaldino, Sharon E.,
Relator term ავტორი
9 (RLIN) 12617
700 1# - ADDED ENTRY--PERSONAL NAME
Personal name Zvacek, Susan
Relator term ავრორი
9 (RLIN) 12618
942 ## - ADDED ENTRY ELEMENTS (KOHA)
Source of classification or shelving scheme
Koha item type წიგნი
ეგზემპლარები
Withdrawn status Lost status Source of classification or shelving scheme Damaged status Not for loan Permanent Location Current Location Shelving location Date acquired Cost, normal purchase price Full call number Barcode Date last seen Copy number Price effective from Koha item type Public note
          ბათუმის შოთა რუსთაველის სახელმწიფო უნივერსიტეტის მთავარი ბიბლიოთეკა ბათუმის შოთა რუსთაველის სახელმწიფო უნივერსიტეტის მთავარი ბიბლიოთეკა წიგნსაცავი 2021-10-07 202.85 37.018.43 S-61 61809 2021-10-07 61809 2021-10-07 წიგნი 202 ლ. 85 თ.
          ბათუმის შოთა რუსთაველის სახელმწიფო უნივერსიტეტის მთავარი ბიბლიოთეკა ბათუმის შოთა რუსთაველის სახელმწიფო უნივერსიტეტის მთავარი ბიბლიოთეკა წიგნსაცავი 2021-10-07 202.85 37.018.43 S-61 61810 2021-10-07 61810 2021-10-07 წიგნი 202 ლ. 85 თ.